<?xml version="1.0" encoding="UTF-8"?>
<collection xmlns="http://www.loc.gov/MARC21/slim">
<record>
  <controlfield tag="001">165201</controlfield>
  <controlfield tag="005">20251219174251.0</controlfield>
  <datafield tag="024" ind1="7" ind2=" ">
    <subfield code="2">doi</subfield>
    <subfield code="a">10.25185/18.9</subfield>
  </datafield>
  <datafield tag="024" ind1="8" ind2=" ">
    <subfield code="2">sideral</subfield>
    <subfield code="a">146756</subfield>
  </datafield>
  <datafield tag="037" ind1=" " ind2=" ">
    <subfield code="a">ART-2025-146756</subfield>
  </datafield>
  <datafield tag="041" ind1=" " ind2=" ">
    <subfield code="a">spa</subfield>
  </datafield>
  <datafield tag="100" ind1=" " ind2=" ">
    <subfield code="a">Pérez Chico, David</subfield>
    <subfield code="u">Universidad de Zaragoza</subfield>
    <subfield code="0">(orcid)0000-0001-7933-8861</subfield>
  </datafield>
  <datafield tag="245" ind1=" " ind2=" ">
    <subfield code="a">La importancia de la escritura (anti)heroica</subfield>
  </datafield>
  <datafield tag="260" ind1=" " ind2=" ">
    <subfield code="c">2025</subfield>
  </datafield>
  <datafield tag="520" ind1="3" ind2=" ">
    <subfield code="a">El presente artículo tiene como principal cometido arrojar algo de luz sobre un tipo de escritura que denominaré (anti)heroica porque, aunque puede alumbrar zonas desconocidas de nuestra experiencia, no busca complacer, ni convencer, ni consolidar fórmulas exitosas, y menos aún hacerlo tirando de épica, sino sostener una voz propia en medio de un entorno cultural y académico dominado por la inmediatez, la eficacia, el impacto y la validación externa, con la esperanza de que sea reconocida. A partir de ejemplos filosóficos y literarios —de Pessoa, Dickinson y Walser a Weil y Kafka, de Thoreau, Emerson y Cavell, a Simic y Juarroz— se argumenta que esta escritura requiere tanto de unos lectores activos cuanto de una fidelidad por parte del autor a una voz interior a veces imprevista e inesperada. Los autores mencionados subrayan la resistencia a las formas instituidas de reconocimiento, su inserción en un presente marcado por la banalidad estructural, y su expresión más depurada en ciertos registros poéticos. Más que ofrecer una teoría cerrada, el texto plantea una pregunta: ¿cómo seguir escribiendo de forma honesta sin renunciar al pensamiento exigente, en un tiempo que parece valorar solo lo que se adapta a lo ya ha sido previsto?</subfield>
  </datafield>
  <datafield tag="506" ind1="0" ind2=" ">
    <subfield code="a">Access copy available to the general public</subfield>
    <subfield code="f">Unrestricted</subfield>
  </datafield>
  <datafield tag="536" ind1=" " ind2=" ">
    <subfield code="9">info:eu-repo/grantAgreement/ES/AEI/AEI PID2022-142120NB-I00</subfield>
    <subfield code="9">info:eu-repo/grantAgreement/ES/AEI/AEI PID2022-14892NB-I00</subfield>
  </datafield>
  <datafield tag="540" ind1=" " ind2=" ">
    <subfield code="9">info:eu-repo/semantics/openAccess</subfield>
    <subfield code="a">by</subfield>
    <subfield code="u">https://creativecommons.org/licenses/by/4.0/deed.es</subfield>
  </datafield>
  <datafield tag="655" ind1=" " ind2="4">
    <subfield code="a">info:eu-repo/semantics/article</subfield>
    <subfield code="v">info:eu-repo/semantics/publishedVersion</subfield>
  </datafield>
  <datafield tag="710" ind1="2" ind2=" ">
    <subfield code="1">5012</subfield>
    <subfield code="2">585</subfield>
    <subfield code="a">Universidad de Zaragoza</subfield>
    <subfield code="b">Unidad Predepartam. Filosofía</subfield>
    <subfield code="c">Área Lógica y Filosof.Ciencia</subfield>
  </datafield>
  <datafield tag="773" ind1=" " ind2=" ">
    <subfield code="g">18 (2025), e189 [25 pp.]</subfield>
    <subfield code="p">Humanidades (Montev.)</subfield>
    <subfield code="t">Humanidades (Montevideo)</subfield>
    <subfield code="x">1510-5024</subfield>
  </datafield>
  <datafield tag="856" ind1="4" ind2=" ">
    <subfield code="s">406581</subfield>
    <subfield code="u">http://zaguan.unizar.es/record/165201/files/texto_completo.pdf</subfield>
    <subfield code="y">Versión publicada</subfield>
  </datafield>
  <datafield tag="856" ind1="4" ind2=" ">
    <subfield code="s">1380411</subfield>
    <subfield code="u">http://zaguan.unizar.es/record/165201/files/texto_completo.jpg?subformat=icon</subfield>
    <subfield code="x">icon</subfield>
    <subfield code="y">Versión publicada</subfield>
  </datafield>
  <datafield tag="909" ind1="C" ind2="O">
    <subfield code="o">oai:zaguan.unizar.es:165201</subfield>
    <subfield code="p">articulos</subfield>
    <subfield code="p">driver</subfield>
  </datafield>
  <datafield tag="951" ind1=" " ind2=" ">
    <subfield code="a">2025-12-19-14:42:55</subfield>
  </datafield>
  <datafield tag="980" ind1=" " ind2=" ">
    <subfield code="a">ARTICLE</subfield>
  </datafield>
</record>
</collection>